| 000 | nam a22 a 4500 | ||
|---|---|---|---|
| 999 |
_c4572 _d4572 |
||
| 005 | 20170601100353.0 | ||
| 008 | 170601b2010 my ||||| |||| 00| 0 may d | ||
| 040 | _aAKMAL | ||
| 082 | _a352.448595 MJKD | ||
| 090 |
_a352.448595 _bMJKD |
||
| 245 | 1 | 0 |
_aPeraturan dan Tatacara Pemakaian Darjah Kebesaran, Bintang dan Pingat : _bPerintah Tetap Perjawatan Bil.14 . |
| 260 |
_aPutrajaya: _bPasukan Petugas Pakaian Seragam JKDM, _c2010. |
||
| 300 |
_a130 mukasurat: _bil. wrn. _c30 cm |
||
| 599 | _aDALAM PROSES | ||
| 610 | 1 | 0 |
_aJabatan Kastam Diraja Malaysia _9836 |
| 650 | 1 | 0 |
_aCustoms Administration _xInsignia _zMalaysia _98808 |
| 650 | 2 | 0 |
_aCustoms Administration _xDecorations of honour _zMalaysia _98809 |
| 710 | 2 |
_aJabatan Kastam Diraja Malaysia _bPasukan Petugas Pakaian Seragam _98814 |
|
| 942 |
_2ddc _cBOOK |
||
| 950 | _lAKMAL | ||